000 00504nam a2200181Ia 4500
003 OSt
005 20250930181143.0
008 210423s2007 xx 000 0 und d
040 _cAL
041 _aEnglish
082 _a301.0954
_bSHAI
100 _aRajendra K Sharma
_9118313
245 _aIndian society institutions and change
260 _aNew Delhi
_bAtlantic Publishers and Distributors
_c2007
365 _b195
_cINR
906 _achange. ; Indian ; institutions ; society
942 _2ddc
_cBK
999 _c175568
_d175568